|
|
|
|
| LEADER |
00000nam0a2200000 4500 |
| 001 |
143282 |
| 005 |
20231031143159.0 |
| 010 |
|
|
|a 9785859719822
|
| 035 |
|
|
|a (RuTPU)RU\TPU\book\155259
|
| 090 |
|
|
|a 143282
|
| 100 |
|
|
|a 20061010d2008 m y0rusy50 ca
|
| 101 |
0 |
|
|a rus
|
| 102 |
|
|
|a RU
|
| 105 |
|
|
|a y j 001zy
|
| 200 |
1 |
|
|a Финансовый менеджмент
|e учебник для вузов
|f В. Г. Белолипецкий
|g Московский государственный университет им. М. В. Ломоносова (МГУ)
|
| 210 |
|
|
|a Москва
|c КноРус
|d 2008
|
| 215 |
|
|
|a 448 с.
|
| 320 |
|
|
|a Библиогр.: с. 445-447.
|
| 330 |
|
|
|a Рассматриваются теоретические основы финансового менеджмента, знание которых необходимо для успешной работы в финансовой службе современной компании. Дается базовое представление о характере основных финансовых трансакций, совершаемых компанией как на открытом рынке, так и внутри самого предприятия. Основное внимание уделяется особенностям реализации общих принципов и концепций управления финансами промышленных компаний в современной российской практике, в частности, концепции поддержания финансового равновесия предприятия. Изучаются финансовые нововведения, систематизируются знания по методологическим и наиболее сложным вопросам финансового управления, разбираются конкретные хозяйственные операции. Для студентов, аспирантов, слушателей системы послевузовского образования, преподавателей, а также предпринимателей, экономистов, менеджеров.
|
| 333 |
|
|
|a Исключено из фонда НТБ ТПУ
|
| 686 |
|
|
|a У9(2)261.11я73
|v LBC/SL-A
|2 rubbk
|
| 700 |
|
1 |
|a Белолипецкий
|b В. Г.
|g Василий Георгиевич
|
| 712 |
0 |
2 |
|a Московский государственный университет им. М. В. Ломоносова (МГУ)
|2 stltpush
|3 (RuTPU)RU\TPU\col\7
|
| 801 |
|
1 |
|a RU
|b 63413507
|c 20080917
|g PSBO
|
| 801 |
|
2 |
|a RU
|b 63413507
|c 20210204
|g PSBO
|
| 942 |
|
|
|c BK
|
| 959 |
|
|
|a 73/20080716
|d 1
|e 150,00
|f ЧЗГЛ:1
|
| 959 |
|
|
|a 3/20090111
|d 1
|e 150,00
|f АНЛ:1
|